Globalisation fractures (Record no. 6299)

MARC details
000 -LEADER
fixed length control field 00491 a2200169 4500
001 - CONTROL NUMBER
control field 131903
003 - CONTROL NUMBER IDENTIFIER
control field OSt
005 - DATE AND TIME OF LATEST TRANSACTION
control field 20211005160734.0
008 - FIXED-LENGTH DATA ELEMENTS--GENERAL INFORMATION
fixed length control field
082 ## - DEWEY DECIMAL CLASSIFICATION NUMBER
Classification number 337
Item number D89G
100 1# - MAIN ENTRY--PERSONAL NAME
Personal name Dumas, Charles
245 1# - TITLE STATEMENT
Title Globalisation fractures
Statement of responsibility, etc by Charles Dumas
260 ## - PUBLICATION, DISTRIBUTION, ETC. (IMPRINT)
Place of publication, distribution, etc London
Name of publisher, distributor, etc Profile Books
Date of publication, distribution, etc 2011
300 ## - PHYSICAL DESCRIPTION
Extent 277p.
690 ## - LOCAL SUBJECT ADDED ENTRY--TOPICAL TERM (OCLC, RLIN)
Topical term or geographic name as entry element Recessions; Commercial policy; Deficit financing; Financial crises; Globalization--Economic aspects
942 ## - ADDED ENTRY ELEMENTS (KOHA)
Source of classification or shelving scheme Dewey Decimal Classification
Koha item type Books
Holdings
Withdrawn status Lost status Source of classification or shelving scheme Damaged status Not for loan Collection code Home library Current library Date acquired Source of acquisition Cost, normal purchase price Total Checkouts Full call number Barcode Date last seen Date checked out Price effective from Koha item type
    Dewey Decimal Classification     General Text Book Central University Of Rajasthan Central University Of Rajasthan 08/06/2012 MGM 395.00 1 337 D89G 8684 21/11/2024 06/04/2022 02/09/2020 Books